00686 a2200181 4500020001500000040003300015082001300048100002000061245005500081250001200136260004000148300002500188490001800213650003400231830004200265856009100307856010600398 a0596004044 aLibrary of CongressbEnglish04a005.44691 aTulloch, Mitch.10aWindows Server 2003 in a nutshell cMitch Tulloch. a1st ed. aSebastopol, CA :bO'Reilly,cc2003. axi, 647 p. ;c23 cm.1 aIn a nutshell 0aOperating systems (Computers) 0aIn a nutshell (O'Reilly & Associates)423Publisher descriptionuhttp://www.loc.gov/catdir/enhancements/fy0715/2004555002-d.html423Contributor biographical informationuhttp://www.loc.gov/catdir/enhancements/fy0912/2004555002-b.html